New (Made Up) Products Made By Two Countries - Statistics

General Stats
  • This quiz has been taken 9 times
  • The average score is 11 of 15
Answer Stats
Picture Answer % Correct
Paraguay and Madagascar
100%
Bolivia and Morocco
89%
Cuba and Mozambique
89%
Jamaica and Cameroon
89%
Luxembourg and Djibouti
89%
Barbados and Gabon
78%
Pakistan and Japan
78%
Switzerland and Ethiopia
78%
Tanzania and Bahrain
78%
Norway and Nicaragua
67%
Qatar and Lesotho
67%
Russia and Norway
67%
Tajikistan and Barbados
67%
Belarus and Comoros
56%
Netherlands and Bhutan
56%
No matching quizzes found
Score Distribution
Percent of People with Each Score
Percentile by Number Answered
Your Score History
You have not taken this quiz